Current Heads of Asian States by Picture - Statistics

General Stats
  • This quiz has been taken 397 times
    337 since last reset
  • The average score is 35 of 48
Answer Stats
Picture Hint Answer % Correct
Kim Jong-un North Korea
97%
Xi Jinping China
96%
Naruhito Japan
96%
Isaac Herzog Israel
95%
Moon Jae-in South Korea
94%
Recep Tayyip Erdoğan Turkey
94%
Ali Hosseini Khamenei Iran
92%
Ilham Heydar oglu Aliyev Azerbaijan
90%
Rodrigo Duterte Philippines
90%
Salman bin Abdulaziz Al Saud Saudi Arabia
90%
Sadyr Nurgozhoevich Japarov Kyrgyzstan
88%
Michel Naim Aoun Lebanon
88%
Bashar al-Assad Syria
88%
Nguyễn Phú Trọng Vietnam
87%
Joko Widodo Indonesia
86%
Tsai Ing-wen Taiwan
86%
Francisco Guterres East Timor
85%
Jigme Khesar Namgyel Wangchuck Bhutan
84%
Vajiralongkorn Thailand
82%
Gurbanguly Berdimuhamedow Turkmenistan
81%
Sheikh Khalifa bin Zayed Al Nahyan United Arab Emirates
81%
Armen Sarksyan Armenia
80%
Hamad bin Isa bin Salman Al Khalifa Bahrain
77%
Mawlawi Hibatullah Akhundzada Afghanistan
76%
Nicos Anastasiades Cyprus
76%
Abdullah II bin Al-Hussein Jordan
74%
Salome Zourabichvili Georgia
72%
Nawaf Al-Ahmad Al-Jaber Al-Sabah Kuwait
71%
Emomali Sharipovich Rahmonov Tajikistan
71%
Abdullah al-Haj Malaysia
67%
Haitham bin Tarik Oman
65%
Bidya Devi Bhandari Nepal
62%
Shavkat Miromonovich Mirziyoyev Uzbekistan
62%
Norodom Sihamoni Cambodia
61%
Khaltmaagiin Battulga Mongolia
61%
Myint Swe Myanmar
61%
Qаsym-Jomаrt Тoqаev Kazakhstan
60%
Thongloun Sisoulith Laos
60%
Hassanal Bolkiah Brunei
59%
Gotabaya Rajapaksa Sri Lanka
57%
Ram Nath Kovind India
54%
Arif-ur-Rehman Alvi Pakistan
54%
Tamim bin Hamad Al Thani Qatar
54%
Abdrabbuh Mansur Hadi Yemen
52%
Halimah Binti Jacob Singapore
50%
Ibrahim Mohamed Solih Maldives
47%
Barham Salih Iraq
45%
Abdul Hamid Bangladesh
40%
No matching quizzes found
Score Distribution
Percent of People with Each Score
Percentile by Number Answered
Your Score History
You have not taken this quiz since the last reset